demain dès l'aube - Statistiques

Statistiques générales
  • Ce quiz a été pris 128 fois
  • Le résultat moyen est 63 sur 105
Statistiques - réponses
% Correct
de
100%
à
99%
Demain
99%
dès
99%
la
99%
l'aube
96%
Je
94%
je
94%
l'heure
93%
93%
par
91%
campagne
90%
partirai
89%
blanchit
85%
tu
81%
J'irai
78%
j'irai
78%
montagne
77%
que
75%
le
74%
sais
73%
Vois
70%
m'attends
68%
ne
68%
forêt
65%
toi
65%
et
60%
Et
60%
loin
60%
plus
60%
puis
60%
au
59%
les
59%
fleur
58%
longtemps
58%
tombe
58%
Un
57%
sur
56%
demeurer
54%
en
54%
ta
54%
bouquet
52%
ni
52%
Ni
52%
bruyère
49%
qui
48%
Harfleur
47%
vers
44%
du
43%
voiles
43%
houx
42%
marcherai
42%
sera
42%
jour
41%
nuit
41%
soir
41%
mettrai
40%
quand
40%
l'or
38%
moi
38%
pour
38%
regarderai
38%
yeux
38%
descendant
37%
mes
37%
vert
37%
comme
36%
courbé
36%
dos
36%
fixés
36%
Sans
36%
sans
36%
voir
36%
j'arriverai
35%
mains
33%
pensées
33%
bruit
31%
entendre
31%
aucun
30%
croisées
30%
dehors
30%
rien
30%
Seul
30%
Triste
27%
inconnu
21%
Aucun quiz correspondant
Distribution des résultats
% des personnes avec chaque résultat
Percentile par nombre de réponses
Votre historique - résultats
Vous n’avez pas pris ce quiz